Gaming Quiz

Random Gaming or Mario Quiz
Score 0/42 Timer 10:00
0 Plays Today
hint character % Correct
main manmario
83.5%
green capluigi
80%
main mushroomtoad
74.1%
king badybowser
72.9%
Booboo
72.9%
xFARTxwario
70.6%
purple capwaluigi
68.2%
WHO STOLE MY BANANASdonkey kong
67.1%
dont take mepeach
64.7%
green dinoyoshi
64.7%
where is my brother toadtoadette
61.2%
kamek captured me xCRYxbaby luigi
61.2%
baby p____baby peach
61.2%
prince badybowser jr
60%
who stole my bananasdiddy kong
60%
pink dinobirdo
60%
where me bro gobaby mario
60%
BOO!king boo
58.8%
turtle dudekoopatroopa
58.8%
masked and redshy guy
57.6%
cousin, nodaisy
56.5%
hint character % Correct
baby d____baby daisy
55.3%
wizardkamek
51.8%
bonydry bones
51.8%
mushroom badygoomba
50.6%
fishy plantpiranha plant
49.4%
space peachrosalina
49.4%
60 years oldtoadsworth
47.1%
got some funkfunky kong
45.9%
flying turtle dudeparatroopa
42.4%
little fartbaby wario
40%
masked, flying and redfly guy
37.6%
king baby badybaby bowser
37.6%
boss fishy plantpetey piranha
36.5%
shoot me out of a gun, i dare youbullet bill
35.3%
baby bananababy donkey kong
35.3%
what do cheerleaders usepom pom
34.1%
what do bombs doboom boom
23.5%
who woke me up?wiggler
17.6%
come on baby mariobaby yoshi
14.1%
7 bosses in mario bros wiikooplings
10.6%
kamek minionstoady
4.7%
Remove Ads.
Support Sporcle.
Get the best of Sporcle when you Go Orange. This ad-free experience offers more features, more stats, and more fun while also helping to support Sporcle. Thank you for becoming a member.

You're not logged in!

Compare scores with friends on all Sporcle quizzes.
OR
Log In

Show Comments

Extras

Top Quizzes Today


Score Distribution

Your Account Isn't Verified!

In order to create a playlist on Sporcle, you need to verify the email address you used during registration. Go to your Sporcle Settings to finish the process.

Report this User

Report this user for behavior that violates our Community Guidelines.

Details: